At the cutting edge : learning to read and spell for success /
Gorde:
| Egile nagusia: | |
|---|---|
| Formatua: | Liburua |
| Hizkuntza: | English |
| Argitaratua: |
Wellington, N.Z. :
New Zealand Council for Educational Research,
1999.
|
| Edizioa: | Rev. ed. |
| Gaiak: | |
| Etiketak: |
Etiketa erantsi
Etiketarik gabe, Izan zaitez lehena erregistro honi etiketa jartzen!
|
| Thư viện lưu trữ: | Mạng thư viện Đại học Đà Nẵng |
|---|
| LEADER | 01061cam a2200397 i 4500 | ||
|---|---|---|---|
| 001 | 000048051 | ||
| 003 | 7749 | ||
| 005 | 20030313092126.0 | ||
| 008 | 010326|1999 vm 000 eng | ||
| 020 | |a 1877140511 | ||
| 040 | |a IRC |c IRC |d IRC | ||
| 041 | 0 | |a eng | |
| 082 | 1 | 4 | |a 428.007 |b NI-T |
| 100 | 1 | |a Nicholson, Tom. | |
| 245 | 0 | 0 | |a At the cutting edge : |b learning to read and spell for success / |c Tom Nicholson. |
| 250 | |a Rev. ed. | ||
| 260 | |a Wellington, N.Z. : |b New Zealand Council for Educational Research, |c 1999. | ||
| 300 | |a 84 p. : |b ill. ; |c 21cm. | ||
| 630 | 0 | 4 | |a Reading. |
| 630 | 0 | 4 | |a Phonemics. |
| 630 | 0 | 4 | |a Phonetic method. |
| 630 | 0 | 4 | |a Spelling ability. |
| 650 | 0 | 4 | |a Reading (Primary) |
| 650 | 0 | 4 | |a Phonemics. |
| 650 | 0 | 4 | |a Reading |x Phonetic method. |
| 650 | 0 | 4 | |a Spelling ability. |
| OWN | |a DUT | ||
| 999 | |a From the UDN01 | ||
| TYP | |a Monograph | ||
| TYP | |a Printed language | ||
| 980 | |a Mạng thư viện Đại học Đà Nẵng | ||


